000 01135cam a2200337 a 4500
001 20682
003 VRT
005 20260129120505.0
008 130620s1974 xr 0000f cze
035 _aSNK000089475
039 9 _a202107241133
_bAUTHORITY
_c202107241133
_dcsnk01
_c202107241133
_dcsnk01
_c201306201923
_dVLOAD
040 _aSNK
_bslo
_cSNK
_eAACR2
041 1 _acze
_hpor
044 _axr
_cCZ
080 _a869.0(81)-311.2
_21981
100 1 _aAmado, Jorge,
_d1912-2001
_4aut
240 1 0 _aGabriela, ravo e Canela
_lČesky
245 1 0 _aMulatka Gabriela
_bkronika provinčního městečka
_cJorge Amado ; přeložil Zdeněk Hampl
250 _a3. vyd.
260 _aPraha
_bLidové nakladateství
_c1974
300 _a468, [2] s.
_c
490 1 _aKnihy Srdce
_vsv. 41
500 _aPreložené z portugalčiny
655 7 _abrazílske romány
_2SNKPH
700 1 _aHampl, Zdeněk,
_d1929-1986
_4trl
830 0 _aKnihy Srdce
942 _2ddc
_cKLDO
_n0
949 _6270001000393515
_asvkbbS 56
_bsvkbbm 286312
949 _6273K0016313
_asvkpoA 94975
_bsvkpo216971
999 _c20682
_d20682